Villes espagnoles les plus peuplées à travers l'Histoire - Statistiques

Statistiques générales
  • Ce quiz a été pris 2 017 fois
  • Le résultat moyen est 11 sur 25
Statistiques - réponses
Villes % Correct
Barcelone
100%
Madrid
100%
Séville
95%
Valence
91%
Bilbao
83%
Malaga
70%
Grenade
68%
Saragosse
64%
Cordoue
55%
Cadix
51%
Tolède
45%
Murcie
43%
Palma de Majorque
41%
Valladolid
41%
Las Palmas
29%
Almérie
25%
Tarragone
25%
Burgos
22%
Carthagène
17%
Xérès
13%
Ségovie
12%
Jaén
11%
Mérida
9%
Cuenca
5%
Écija
1%
Aucun quiz correspondant
Distribution des résultats
% des personnes avec chaque résultat
Percentile par nombre de réponses
Votre historique - résultats
Vous n’avez pas pris ce quiz